000 01117nam a22002777a 4500
003 OSt
005 20250820152621.0
008 210914b2009 ck ||||er|||| 00| 0 spa d
020 _a9789588471310
040 _aCO-JMCR
_cCO-JMCR
041 0 _aspa
082 0 4 _aA-C
_bVALh
_223
100 1 _aValenzuela, Luisa,
_eautor
_940343
245 1 0 _aHistoria de mujeres /
_cLuisa Valenzuela, Margo Glantz, Marina Colasanti [y otros 2]
250 _aPrimera edición
260 _aBogotá :
_bAlcaldía Mayor de Bogotá : Secretaría Distrital de Cultura, Recreación y Deporte,
_c2009
300 _a77 páginas ;
_c17 cm.
490 0 _aLibro al viento ;
_v62
505 0 _tTango /
_rLuisa Valenzuela
_tPalabras para una fábula /
_rMargo Glantz
_tUna voz entre los arbustos /
_rMarina Colasanti
_tJam Sessión /
_rGabriela Alemán
_tEl encuentro /
_rMarvel Moreno
650 1 4 _aCuentos
_vColecciones
_940344
650 2 4 _aMujeres en la literatura
_96298
650 2 4 _aImaginación en la literatura
_940345
700 1 _aGlantz, Margo,
_eautor
_940346
700 1 _aColasanti, Marina,
_eautora
_940347
942 _2ddc
_cBK
999 _c15587
_d15587